Diálogo con América Latina. Panorama de una literatura del futuro
Tallennettuna:
| Päätekijä: | |
|---|---|
| Aineistotyyppi: | Kirja |
| Kieli: | espanja |
| Julkaistu: |
Valparaíso
Ediciones Universitarias de Valparaíso
1972
|
| Painos: | 2a. ed |
| Aiheet: | |
| Tagit: |
Lisää tagi
Ei tageja, Lisää ensimmäinen tagi!
|
MARC
| LEADER | 00000nam a2200000 a 4500 | ||
|---|---|---|---|
| 001 | UCJ4733 | ||
| 003 | CL-VaPUC | ||
| 008 | 070124e19720000CL |||||||||||||||||spa|d | ||
| 082 | 0 | 4 | |a H860 |b LOR |2 21 |
| 100 | |a Lorenz, Günter |e autor |9 546280 | ||
| 245 | 1 | 0 | |a Diálogo con América Latina. Panorama de una literatura del futuro |
| 250 | |a 2a. ed | ||
| 300 | |a 434 p | ||
| 942 | |c BK | ||
| 945 | |d 20070124 00:00:00 |a rinostro | ||
| 260 | |a Valparaíso |b Ediciones Universitarias de Valparaíso |c 1972 | ||
| 600 | 0 | |a Sabato, Ernesto |9 322691 | |
| 600 | 0 | 7 | |a VARGAS LLOSA, MARIO |2 CL-VaPUC |9 318800 |
| 600 | 0 | 7 | |a ALEGRIA, CIRO |2 CL-VaPUC |9 376709 |
| 600 | 0 | 7 | |a ASTURIAS, MIGUEL ANGEL |2 CL-VaPUC |9 309802 |
| 600 | 0 | 7 | |a ROA BASTOS, AUGUSTO |2 CL-VaPUC |9 376695 |
| 600 | 0 | 7 | |a EDICIONES UNIVERSITARIAS DE VALPARAISO |2 CL-VaPUC |9 504560 |
| 650 | 7 | |a LITERAURA HISPANOAMERICANA |2 CL-VaPUC |9 508945 | |
| 650 | 0 | |a Crítica literaria |9 269189 | |
| 583 | |a last modification |c 20070124 00:00:00 |k Rodrigo Vera | ||
| 999 | |c 320848 |d 320846 | ||
| 952 | |0 0 |1 0 |4 0 |6 H_860_000000000000000_LOR_1972 |7 0 |8 X |9 399458 |a FDOBUD |b FDOBUD |d 2019-11-22 |i 1025236 |o H860 LOR 1972 |p 1025236 |r 2019-11-22 |w 2019-11-22 |y BK_X |k BUD | ||